On This Day: June 28th Quiz Stats

 Plays Quiz Updated Jun 28, 2017

Support Sporcle.
Go Orange.
Score 0/7 Timer 03:00
3 Plays Today
Question Answer Wrong Answers
This man and his wife Sophie are assassinated in Sarajevo, an act which provokes the outbreak of World War I.
1914
Franz Ferdinand
90.2%
Franz Joseph
5.1%
Karl Ludwig
1.5%
Ferdinand Karl
2.6%
This treaty is signed, ending the state of war between Germany and the Allies of World War I.
1919
Treaty of Versailles
90.1%
Treaty of Washington
0.9%
Treaty of London
1.6%
Treaty of Warsaw
5.6%
This South African-born American businessman, the founder and CEO of SpaceX, is born.
1971
Elon Musk
78.1%
Jeff Bezos
8.3%
Tim Cook
5.4%
Sergey Brin
4.2%
Sovereign power is handed to the interim government of ______ by the Coalition Provisional Authority, ending the US-led rule of that nation.
2004
Iraq
55.5%
Afghanistan
27.9%
Libya
6.8%
Syria
5.2%
Code named ‘Case Blue’, Nazi Germany begins its strategic summer offensive against this country.
1942
Soviet Union
49.1%
France
13.9%
Poland
23.8%
United Kingdom
9.9%
The US Congress passes the Spooner Act, authorizing President Theodore Roosevelt to acquire the rights to the Panama Canal from this country.
1902
Colombia
47.9%
Venezuela
17.5%
Costa Rica
14.5%
Nicaragua
19.9%
The ______ Civil War begins with the shelling of the Four Courts by Free State forces.
1922
Irish
41.5%
German
2.3%
Spanish
46.9%
Panamanian
6.9%

You're not logged in!

Compare scores with friends on all Sporcle quizzes.
OR
Log In
Forgot?

From the Vault

#1 Movies: 2009

by irice22

This list is filled with hit movies and a few Blahhh-ckbusters.
Remove Ads.
Support Sporcle.
Get the best of Sporcle when you Go Orange. This ad-free experience offers more features, more stats, and more fun while also helping to support Sporcle. Thank you for becoming a member.

Show Comments

Extras

Top Quizzes Today


Score Distribution

Your Account Isn't Verified!

In order to create a playlist on Sporcle, you need to verify the email address you used during registration. Go to your Sporcle Settings to finish the process.

Report this User

Report this user for behavior that violates our Community Guidelines.

Details: